ბათუმის შოთა რუსთაველის სახელმწიფო უნივერსიტეტის ბიბლიოთეკა

მოთხოვნილებათა ამაღლების ეკონომიკური კანონი და ხალხის კეთილდღეობის შემდგომი ზრდა მეათე ხუთწლედში / (ბიბ.ჩანაწერი № 63866)

000 -ლიდერი
ფიქსირებული სიგრძის საკონტროლო ველი 01076nam a22001817a 4500
003 - საკონტროლო ნომრის იდენტიფიკატორი
საკონტროლო ველი Ge_BSU
005 - ბოლო ოპერაციის თარიღი და დრო
საკონტროლო ველი 20260209151704.0
008 - ფიქსირებული სიგრძის მონაცემთა ელემენტები - ზოგადი ინფორმაცია
ფიქსირებული სიგრძის საკონტროლო ველი 260209s1978 ge ||||| |||| 00| 0 geo d
041 ## - ენის კოდი
Language code of text/sound track or separate title geo
080 ## - უნივერსალური ათობითი კლასიფიკაციის ინდექსი
Universal Decimal Classification number 330.113 : 330.12(47+57) კ-46
100 ## - მთავარი ჩანაწერი - პიროვნების სახელი
Personal name კვირიკაშვილი, მ.
9 (RLIN) 26846
245 ## - ცნობა სათაურის შესახებ
Title მოთხოვნილებათა ამაღლების ეკონომიკური კანონი და ხალხის კეთილდღეობის შემდგომი ზრდა მეათე ხუთწლედში /
Statement of responsibility, etc მ. კვირიკაშვილი; ეკონომიკისა და სამართლის ინ-ტი.
264 ## - წარმოების, გამოცემის, დისტრიბუციის და სხვა ცნობები
გამოცემის, წარმოების, დისტრიბუციის... ადგილი თბ. :
გამოცემის, წარმოების, დისტრიბუციის... სახელწოდება მეცნიერება,
გამოცემის, წარმოების, დისტრიბუციის... თარიღი 1978.
300 ## - ფიზიკური აღწერა
Extent 75გვ. ;
Other physical details 21სმ.
653 ## - INDEX TERM--UNCONTROLLED
Uncontrolled term მოთხოვნილებათა ამაღლების ეკონომიკური კანონი
653 ## - INDEX TERM--UNCONTROLLED
Uncontrolled term ხალხის კეთილდღეობის ზრდა.
942 ## - ADDED ENTRY ELEMENTS (KOHA)
Source of classification or shelving scheme
Koha item type წიგნი
ეგზემპლარები
ჩამოწერის სტატუსი დაკარგული ეგზემპლარის სტატუსი კლასიფიკაციის წყარო ან თაროზე გაწყობის სქემა დაზიანების სტატუსი არ გაიცემა მუდმივი მდებარეობა (დაცვის ადგილი) ამჟამინდელი ადგილსამყოფელი თაროზე განთავსების ადგილი შეძენის თარიღი ღირებულება, შესყიდვის ნორმალური ფასი სრული შენახვის შიფრი შტრიხკოდი ბოლო ოპერაციის თარიღი ეგზემპლარის მიმდევრობითი ნომერი (კეტერი?) ფასის ძალაში შესვლის თარიღი ეგზემპლარის სახეობა საჯარო შენიშვნა
          ბათუმის შოთა რუსთაველის სახელმწიფო უნივერსიტეტის მთავარი ბიბლიოთეკა ბათუმის შოთა რუსთაველის სახელმწიფო უნივერსიტეტის მთავარი ბიბლიოთეკა წიგნსაცავი 2026-02-09 1.00 330.113 : 330.12(47+57) კ-46 73700 2026-02-09 73700 2026-02-09 წიგნი 1 ლ.